[Event "DM 2026 G5 1B"]
[Site "Svendborg"]
[Date "2026.03.30"]
[Round "3.12"]
[White "Hansen, Anders"]
[Black "Henriksen, Otto Skovslund"]
[Result "0-1"]
[WhiteElo "1620"]
[BlackElo "1752"]
[WhiteFideId "1711237"]
[BlackFideId "1484583"]
[EventDate "2026.03.28"]
[EventType "swiss"]
[EventRounds "5"]
[EventCountry "DEN"]
[SourceTitle "Live v. Kasper Jerwiarz"]

1. b3 e5 2. Bb2 Nc6 3. e3 d5 4. Bb5 Ne7 5. Bxe5 a6 6. Bxc6+ Nxc6 7. Bb2 Qg5 8. Nf3 Qxg2 9. Rg1 Qh3 10. Rg3 Qe6 11. Ng5 Qh6 12. f4 f6 13. Nf3 Bf5 14. d3 O-O-O 15. Nbd2 Bd6 16. Kf2 g5 17. fxg5 Bxg3+ 18. hxg3 fxg5 19. Bxh8 Rxh8 20. Qh1 Qf6 21. Kg2 h5 22. e4 dxe4 23. dxe4 Bg4 24. c4 h4 25. Qe1 h3+ 26. Kf2 Ne5 27. Ke3 Nxf3 0-1

[Event "DM 2026 G5 1B"]
[Site "Svendborg"]
[Date "2026.03.30"]
[Round "3.13"]
[White "Skarved, Mattias"]
[Black "Madsen, Svend"]
[Result "0-1"]
[WhiteElo "1671"]
[BlackElo "1798"]
[WhiteFideId "1461958"]
[BlackFideId "1419846"]
[EventDate "2026.03.28"]
[EventType "swiss"]
[EventRounds "5"]
[EventCountry "DEN"]
[SourceTitle "Live v. Kasper Jerwiarz"]

1. d4 Nf6 2. Bf4 c5 3. d5 d6 4. Nc3 e5 5. Bg3 Nh5 6. e4 Nxg3 7. hxg3 Qg5 8. Nf3 Qd8 9. Qd2 Be7 10. Be2 a6 11. Nh2 Nd7 12. Nd1 b5 13. c4 Rb8 14. Ne3 Nf6 15. f3 b4 16. b3 Bd7 17. Kf2 Qc8 18. g4 Kd8 19. Nhf1 g6 20. Ng3 Kc7 21. Nc2 a5 22. a4 Bf8 23. Ne1 Bg7 24. Nd3 Qd8 25. Rh2 Qg8 26. g5 Ne8 27. Qe3 Kb6 28. Rah1 f6 29. Nf1 fxg5 30. Qxg5 Nf6 31. g4 Rf8 32. Ke1 Rf7 33. Ng3 Bf8 34. Rf2 Be7 35. Qe3 Qd8 36. Nf1 Qf8 37. Rfh2 Rg7 38. Nd2 Qe8 39. Kd1 h5 40. Qf2 Rgg8 41. g5 Nh7 42. f4 exf4 43. e5 Bf5 44. e6 Nxg5 45. Nxf4 Ne4 46. Nxe4 Bxe4 47. Rg1 Rf8 48. Qg3 h4 49. Qe3 Bf5 50. Bd3 g5 51. Bxf5 Rxf5 52. Ng2 Qh5+ 53. Kc2 Rhf8 54. Ne1 g4 55. Nd3 Rf3 56. Qe2 Qg6 57. Rhg2 g3 58. Kd2 h3 59. Rf2 Qh6+ 60. Ke1 gxf2+ 61. Nxf2 Re3 62. Rg7 Rxe2+ 63. Kf1 Rexf2+ 64. Ke1 Qc1# 0-1

[Event "DM 2026 G5 1B"]
[Site "Svendborg"]
[Date "2026.03.30"]
[Round "3.14"]
[White "Velarde, Andrew"]
[Black "Hansen, Allan Hallgren"]
[Result "1-0"]
[WhiteElo "1817"]
[BlackElo "1680"]
[WhiteFideId "1435132"]
[BlackFideId "1440888"]
[EventDate "2026.03.28"]
[EventType "swiss"]
[EventRounds "5"]
[EventCountry "DEN"]
[SourceTitle "Live v. Kasper Jerwiarz"]

1. e4 c5 2. d4 cxd4 3. c3 dxc3 4. Nxc3 Nc6 5. Bc4 e6 6. Nf3 h6 7. O-O d6 8. Qe2 Be7 9. Rd1 a6 10. Bf4 Qc7 11. Rac1 b5 12. Nxb5 axb5 13. Bxb5 Bd7 14. Bxc6 Bxc6 15. Nd4 e5 16. Bxe5 dxe5 17. Nxc6 Qb7 18. Qg4 g6 19. Qg3 Rh7 20. Qxe5 Rc8 21. Nxe7 Nxe7 22. Rxc8+ Qxc8 23. h3 g5 24. a4 Qc2 25. Qd6 Qc8 26. b4 f5 27. exf5 Nxf5 28. Qg6+ Rf7 29. Qg8+ Rf8 30. Qd5 Rf7 31. Qe5+ Ne7 32. Qh8+ Rf8 33. Qxh6 Qf5 34. Qh5+ Qg6 35. Qe2 Qc6 36. b5 Qc5 37. a5 Rf5 38. Re1 Kf8 39. b6 Nc6 40. b7 Rf7 41. Qb2 Kg8 42. b8=Q+ Nxb8 43. Qxb8+ Rf8 44. Qb6 Qc3 45. Qe6+ Rf7 46. Qg6+ Kf8 47. Qh6+ Qg7 48. Qd6+ Kg8 49. a6 Rf6 50. Re8+ Kh7 51. Qe5 Rf7 52. Qe4+ Qg6 53. Rh8+ Kg7 54. Rg8+ 1-0

[Event "DM 2026 G5 1B"]
[Site "Svendborg"]
[Date "2026.03.30"]
[Round "3.15"]
[White "Kallmeyer, Ebbe"]
[Black "Pedersen, Rasmus Rosendahl"]
[Result "0-1"]
[WhiteElo "1838"]
[BlackElo "1600"]
[WhiteFideId "1487434"]
[BlackFideId "1490109"]
[EventDate "2026.03.28"]
[EventType "swiss"]
[EventRounds "5"]
[EventCountry "DEN"]
[SourceTitle "Live v. Kasper Jerwiarz"]

1. e4 c6 2. d4 d5 3. e5 c5 4. c3 Nc6 5. f4 cxd4 6. cxd4 Qb6 7. Nf3 Bg4 8. Nc3 e6 9. Bb5 Bxf3 10. Qxf3 Qxd4 11. Be3 Qb4 12. O-O Ne7 13. Rfd1 a6 14. Ba4 b5 15. Bb3 Rd8 16. Bf2 Na5 17. Ne2 Nf5 18. g4 Nh6 19. Be1 Qc5+ 20. Bf2 Qc7 21. Rac1 Nc4 22. Bxc4 bxc4 23. Kg2 Qb8 24. Bd4 g6 25. h3 Bg7 26. Qa3 Qb5 27. Nc3 Qc6 28. Kf3 Bf8 29. Qa5 Rb8 30. Qa4 Qxa4 31. Nxa4 Ng8 32. b3 cxb3 33. axb3 Bb4 34. Rc6 a5 35. Rdc1 Ne7 36. Rc7 O-O 37. Nb6 Rfd8 38. Ra7 Nc8 39. Nxc8 Rdxc8 40. Rcc7 Rxc7 41. Rxc7 Bf8 42. Rc3 Rb4 43. Ke3 Kg7 44. g5 a4 45. bxa4 Rxa4 46. Rd3 Ra2 47. Kf3 Ra3 48. Ke3 Rxd3+ 49. Kxd3 Ba3 50. Be3 Kf8 51. Kc3 Ke8 52. Kb3 Be7 53. Ka4 Kd7 54. Kb5 Kc7 55. Bb6+ Kb7 56. Be3 Ba3 57. Ka4 Bf8 58. Kb5 h6 59. h4 h5 60. Bd2 Ba3 61. Be3 Bb2 62. Kc5 Kc7 63. Kb4 Kc6 64. Kb3 Ba1 65. Kc2 Kb5 66. Kd3 Kb4 67. Bd2+ Kb3 68. Ba5 Bb2 69. Bd2 Ba3 70. Be3 Bb4 71. Bf2 Kb2 72. Ke2 Kc2 73. Be3 Bc3 74. Bf2 d4 0-1

[Event "DM 2026 G5 1B"]
[Site "Svendborg"]
[Date "2026.03.30"]
[Round "3.16"]
[White "Gregor, Jan"]
[Black "Elcer, Spencer Skoubo"]
[Result "1-0"]
[WhiteElo "1710"]
[BlackElo "1619"]
[WhiteFideId "1435329"]
[BlackFideId "1480820"]
[EventDate "2026.03.28"]
[EventType "swiss"]
[EventRounds "5"]
[EventCountry "DEN"]
[SourceTitle "Live v. Kasper Jerwiarz"]

1. d4 d5 2. Nf3 Nf6 3. e3 c5 4. c3 Bg4 5. Bd3 e6 6. Nbd2 Nc6 7. h3 Bh5 8. Qc2 Rc8 9. O-O cxd4 10. exd4 Be7 11. Re1 O-O 12. Ne5 Nxd4 13. Qa4 Nc6 14. Qh4 Nxe5 15. Rxe5 Qd6 16. Rxh5 Nxh5 17. Qxh5 h6 18. Nf3 e5 19. Qxe5 Qxe5 20. Nxe5 Bd6 21. Nf3 Bc5 22. Be3 b6 23. Nd4 Rfd8 24. g4 Rc7 25. Re1 Re8 26. Re2 Rce7 27. Bb5 Ra8 28. b4 Bxd4 29. Bxd4 Rxe2 30. Bxe2 Rd8 31. Kg2 f6 32. Bd3 Kf7 33. a4 g6 34. f4 Kg7 35. Kf3 Rd6 36. g5 hxg5 37. fxg5 Kf7 38. Bxf6 Re6 39. c4 Re1 40. cxd5 Rd1 41. Bc4 Rc1 42. Bb5 Rd1 43. Bc6 a5 44. bxa5 Rb1 45. a6 b5 46. a7 Rb3+ 47. Ke4 Rxh3 48. a8=Q Rh4+ 49. Ke5 1-0

[Event "DM 2026 G5 1B"]
[Site "Svendborg"]
[Date "2026.03.30"]
[Round "3.17"]
[White "Staugaard, Henning"]
[Black "Norddahl, Bjarni"]
[Result "0-1"]
[WhiteElo "1652"]
[BlackElo "1518"]
[WhiteFideId "1450476"]
[BlackFideId "338105438"]
[EventDate "2026.03.28"]
[EventType "swiss"]
[EventRounds "5"]
[EventCountry "DEN"]
[SourceTitle "Live v. Kasper Jerwiarz"]

1. e4 c6 2. Nf3 d5 3. exd5 cxd5 4. d4 Bg4 5. h3 Bh5 6. g4 Bg6 7. Nc3 e6 8. h4 h6 9. h5 Bh7 10. g5 hxg5 11. Nxg5 Be7 12. Rg1 g6 13. Qf3 Nf6 14. Bf4 gxh5 15. Be5 a6 16. Bxf6 Bxf6 17. Nxh7 Nd7 18. O-O-O Rxh7 19. Rg8+ Nf8 20. Bd3 Rh8 21. Rxh8 Bxh8 22. Re1 Qg5+ 23. Kb1 Bxd4 24. Nxd5 Be5 25. Nb4 Rb8 26. Bc4 h4 27. Bb3 Nd7 28. Ba4 b5 29. Bb3 Qf4 30. Qg2 Qxb4 31. Qg8+ Qf8 32. Qg5 Bf6 33. Qh5 Rb6 34. Bxe6 Kd8 35. Bxf7 Kc7 36. Be8 Rd6 37. Qf3 h3 38. Qe3 Bd4 39. Qxh3 Bxf2 40. Qc3+ Kd8 41. Qa5+ Nb6 42. Bc6 Rxc6 43. Qd2+ Rd6 44. Qg5+ Kc7 45. Rf1 Be3 46. Qg2 Rd2 47. Qh1 Qd6 48. Qf3 Rf2 49. Rxf2 Bxf2 50. Kc1 Bg3 51. Qc3+ Nc4 52. Qg7+ Kb6 0-1

[Event "DM 2026 G5 1B"]
[Site "Svendborg"]
[Date "2026.03.31"]
[Round "4.8"]
[White "Kappel, Erik"]
[Black "Hanuscheck, Jorgen Peter"]
[Result "1/2-1/2"]
[WhiteElo "1757"]
[BlackElo "1763"]
[WhiteFideId "1478311"]
[BlackFideId "1462512"]
[EventDate "2026.03.28"]
[EventType "swiss"]
[EventRounds "5"]
[EventCountry "DEN"]
[SourceTitle "Live v. Kasper Jerwiarz"]

1. c4 c5 2. Nc3 g6 3. Nf3 Nc6 4. g3 Bg7 5. Bg2 e6 6. e3 Nge7 7. O-O O-O 8. d4 cxd4 9. exd4 d5 10. cxd5 exd5 11. h3 Nf5 12. Ne2 Qb6 13. g4 Nfxd4 14. Nfxd4 Nxd4 15. Nxd4 Bxd4 16. Bxd5 Rd8 17. Qf3 Qf6 18. Qxf6 Bxf6 19. Bf3 Bg7 20. Bf4 1/2-1/2

[Event "DM 2026 G5 1B"]
[Site "Svendborg"]
[Date "2026.03.31"]
[Round "4.9"]
[White "Henriksen, Otto Skovslund"]
[Black "Velarde, Andrew"]
[Result "1-0"]
[WhiteElo "1752"]
[BlackElo "1817"]
[WhiteFideId "1484583"]
[BlackFideId "1435132"]
[EventDate "2026.03.28"]
[EventType "swiss"]
[EventRounds "5"]
[EventCountry "DEN"]
[SourceTitle "Live v. Kasper Jerwiarz"]

1. Nf3 c5 2. e4 Nc6 3. d4 cxd4 4. Nxd4 Qb6 5. Nb3 e6 6. Be3 Qc7 7. a3 Nf6 8. Nc3 a6 9. Be2 b5 10. f4 d6 11. Bf3 Bb7 12. O-O Be7 13. Qd2 O-O 14. Rad1 Rad8 15. Qf2 Qc8 16. Kh1 h5 17. Rg1 Ng4 18. Qe2 Nxe3 19. Qxe3 g6 20. g4 h4 21. g5 Kg7 22. h3 f5 23. gxf6+ Bxf6 24. Bh5 Ne7 25. Rxg6+ Nxg6 26. Rg1 Rh8 27. Rxg6+ Kf7 28. Rh6+ Kg7 29. Qg1+ Kf8 30. Rxf6+ 1-0

[Event "DM 2026 G5 1B"]
[Site "Svendborg"]
[Date "2026.03.31"]
[Round "4.10"]
[White "Pedersen, Rasmus Rosendahl"]
[Black "Munch, Niels Christian"]
[Result "1-0"]
[WhiteElo "1600"]
[BlackElo "1781"]
[WhiteFideId "1490109"]
[BlackFideId "1470744"]
[EventDate "2026.03.28"]
[EventType "swiss"]
[EventRounds "5"]
[EventCountry "DEN"]
[SourceTitle "Live v. Kasper Jerwiarz"]

1. f4 d5 2. Nf3 c5 3. e3 Nc6 4. Bb5 a6 5. Bxc6+ bxc6 6. O-O Nf6 7. b3 e6 8. Bb2 Bd6 9. d3 Bb7 10. Nbd2 Qc7 11. Ne5 O-O-O 12. c4 Rhg8 13. cxd5 Nxd5 14. Ndc4 f6 15. Nxd6+ Rxd6 16. Nc4 Rdd8 17. Qg4 Kb8 18. Rfd1 a5 19. Ba3 Ba6 20. Bxc5 Bxc4 21. bxc4 f5 22. Rab1+ Kc8 23. Qf3 Nc3 24. Rb6 Nxd1 25. Rxc6 Rxd3 26. Rxc7+ Kxc7 27. Qe2 Rgd8 28. Bd4 Rxe3 29. Bxe3 Nc3 30. Qc2 Rd1+ 31. Kf2 Ne4+ 32. Ke2 Rd8 33. Qb2 Rb8 34. Qe5+ 1-0

[Event "DM 2026 G5 1B"]
[Site "Svendborg"]
[Date "2026.03.31"]
[Round "4.11"]
[White "Madsen, Svend"]
[Black "Ambirk, Jan"]
[Result "0-1"]
[WhiteElo "1798"]
[BlackElo "1799"]
[WhiteFideId "1419846"]
[BlackFideId "1428403"]
[EventDate "2026.03.28"]
[EventType "swiss"]
[EventRounds "5"]
[EventCountry "DEN"]
[SourceTitle "Live v. Kasper Jerwiarz"]

1. d4 f5 2. Nf3 Nf6 3. g3 e6 4. Bg2 Be7 5. O-O O-O 6. c4 d6 7. Nc3 Ne4 8. Qd3 Nxc3 9. bxc3 Bf6 10. Rb1 e5 11. e4 Qe8 12. Re1 Qg6 13. dxe5 dxe5 14. Nxe5 Bxe5 15. Qd5+ Qf7 16. Qxe5 fxe4 17. Be3 Nc6 18. Qd5 Be6 19. Bxe4 Rad8 20. Qc5 Bxc4 21. a3 Rfe8 22. Bg2 Re5 23. Qxe5 Nxe5 24. Rxb7 Nf3+ 25. Bxf3 Qxf3 0-1

[Event "DM 2026 G5 1B"]
[Site "Svendborg"]
[Date "2026.03.31"]
[Round "4.12"]
[White "Sonderriis, Rasmus"]
[Black "Larsen, Torben"]
[Result "1-0"]
[WhiteElo "1999"]
[BlackElo "1897"]
[WhiteFideId "1489763"]
[BlackFideId "1443445"]
[EventDate "2026.03.28"]
[EventType "swiss"]
[EventRounds "5"]
[EventCountry "DEN"]
[SourceTitle "Live v. Kasper Jerwiarz"]

1. e4 c5 2. Nf3 e6 3. d4 cxd4 4. Nxd4 a6 5. Be3 Nf6 6. Bd3 Qc7 7. O-O Nc6 8. Nxc6 bxc6 9. f4 d6 10. Nd2 Be7 11. Qf3 O-O 12. Nc4 Nd7 13. Qh5 f5 14. exf5 exf5 15. Bxf5 Nf6 16. Qh3 Bxf5 17. Qxf5 Nd5 18. Qe6+ Kh8 19. Rae1 Rf6 20. Qg4 Rf7 21. Bd4 Bf6 22. Bxf6 Rxf6 23. Re6 Qd7 24. f5 Raf8 25. Rfe1 Rxf5 26. Qxf5 Kg8 27. Qe4 Qa7+ 28. Kh1 Qf2 29. Re8 1-0

[Event "DM 2026 G5 1B"]
[Site "Svendborg"]
[Date "2026.03.31"]
[Round "4.13"]
[White "Hansen, Allan Hallgren"]
[Black "Gregor, Jan"]
[Result "1-0"]
[WhiteElo "1680"]
[BlackElo "1710"]
[WhiteFideId "1440888"]
[BlackFideId "1435329"]
[EventDate "2026.03.28"]
[EventType "swiss"]
[EventRounds "5"]
[EventCountry "DEN"]
[SourceTitle "Live v. Kasper Jerwiarz"]

1. d4 f5 2. Nf3 e6 3. e3 Nf6 4. a3 b6 5. Be2 Bb7 6. O-O c5 7. dxc5 Bxc5 8. b4 Be7 9. c4 O-O 10. Bb2 d6 11. Nc3 Nbd7 12. Ng5 Qe8 13. Nxe6 Qg6 14. Nf4 Qh6 15. h3 g5 16. Nfd5 Bd8 17. Nxf6+ Rxf6 18. Nd5 Rg6 19. Bd3 g4 20. Bxf5 gxh3 21. Bxg6 hxg2 22. Kxg2 Qxg6+ 23. Kh3 Qh6+ 24. Kg3 Bh4+ 25. Kf3 Qh5+ 26. Kg2 Qg5+ 27. Kh3 Rf8 28. Rg1 1-0

[Event "DM 2026 G5 1B"]
[Site "Svendborg"]
[Date "2026.03.31"]
[Round "4.14"]
[White "Norddahl, Bjarni"]
[Black "Skarved, Mattias"]
[Result "1/2-1/2"]
[WhiteElo "1518"]
[BlackElo "1671"]
[WhiteFideId "338105438"]
[BlackFideId "1461958"]
[EventDate "2026.03.28"]
[EventType "swiss"]
[EventRounds "5"]
[EventCountry "DEN"]
[SourceTitle "Live v. Kasper Jerwiarz"]

1. d4 Nf6 2. Bf4 d5 3. e3 Nc6 4. Nf3 Nh5 5. Bg5 h6 6. Bh4 Nf6 7. Bxf6 exf6 8. Bb5 Qd6 9. O-O Bg4 10. Be2 Be6 11. Nbd2 Ne7 12. c4 c6 13. c5 Qc7 14. b4 Ng6 15. b5 Be7 16. a4 O-O 17. Bd3 Bd7 18. Qb1 Be8 19. a5 cxb5 20. Bxb5 Bxb5 21. Qxb5 Qc6 22. Qxc6 bxc6 23. a6 Rfd8 24. Rab1 Rd7 25. Rb3 Nf8 26. Rfb1 Ne6 27. Rb7 Rc7 28. e4 Bf8 29. exd5 cxd5 30. Rxc7 Nxc7 31. Ra1 Rb8 32. Kf1 Re8 33. g3 Re6 34. Nh4 g6 35. Ng2 Rxa6 36. Rxa6 Nxa6 37. Ne3 Nb4 38. Nb1 a5 39. Nc3 Nc6 40. Nc2 Nb4 41. Nxb4 axb4 42. Nxd5 b3 43. Nc3 f5 44. Ke2 Be7 45. f4 Kf8 46. Kd3 Ke8 47. Kc4 b2 48. Nb1 g5 49. Kd5 gxf4 50. gxf4 Bf6 51. c6 Kd8 52. Kc5 Kc7 53. Nc3 Bg5 54. fxg5 hxg5 55. d5 f4 56. d6+ Kc8 57. d7+ Kd8 58. Kd6 1/2-1/2

[Event "DM 2026 G5 1B"]
[Site "Svendborg"]
[Date "2026.03.31"]
[Round "4.15"]
[White "Kallmeyer, Ebbe"]
[Black "Hansen, Anders"]
[Result "1-0"]
[WhiteElo "1838"]
[BlackElo "1620"]
[WhiteFideId "1487434"]
[BlackFideId "1711237"]
[EventDate "2026.03.28"]
[EventType "swiss"]
[EventRounds "5"]
[EventCountry "DEN"]
[SourceTitle "Live v. Kasper Jerwiarz"]

1. e4 c5 2. Nf3 Nc6 3. d4 cxd4 4. Nxd4 e6 5. Nc3 Qc7 6. Be3 a6 7. Bd3 Nf6 8. f3 b5 9. O-O Bb7 10. Qd2 Bd6 11. h3 Bh2+ 12. Kh1 Nh5 13. Nce2 Be5 14. c3 Ng3+ 15. Nxg3 Bxg3 16. f4 h5 17. Ne2 Bh4 18. f5 O-O-O 19. a4 d5 20. Qc2 e5 21. axb5 axb5 22. Bxb5 d4 23. cxd4 exd4 24. Bf4 Qb6 25. Bd3 Be7 26. Qc4 g5 27. fxg6 fxg6 28. Qe6+ Rd7 29. Rfc1 Kd8 30. Ra4 g5 31. Be5 Re8 32. Bxd4 Rxd4 33. Rxd4+ Qxd4 34. Nxd4 Nxd4 35. Qb6+ 1-0

[Event "DM 2026 G5 1B"]
[Site "Svendborg"]
[Date "2026.03.31"]
[Round "4.16"]
[White "Elcer, Spencer Skoubo"]
[Black "Staugaard, Henning"]
[Result "1-0"]
[WhiteElo "1619"]
[BlackElo "1652"]
[WhiteFideId "1480820"]
[BlackFideId "1450476"]
[EventDate "2026.03.28"]
[EventType "swiss"]
[EventRounds "5"]
[EventCountry "DEN"]
[SourceTitle "Live v. Kasper Jerwiarz"]

1. e4 e5 2. Nf3 Nc6 3. Bc4 Bc5 4. c3 Nf6 5. d4 exd4 6. e5 d5 7. Bb5 Ne4 8. cxd4 Be7 9. O-O O-O 10. Bf4 Bg4 11. Bxc6 bxc6 12. Qd3 f6 13. Nbd2 Bf5 14. Nh4 fxe5 15. Nxf5 Rxf5 16. Bxe5 Nxd2 17. Qxf5 Nxf1 18. Rxf1 c5 19. Qe6+ Kh8 20. dxc5 Qf8 21. Qxd5 Bxc5 22. Bxc7 Re8 23. Bg3 Qe7 24. h3 Rd8 25. Qc4 Rd4 26. Qc3 Qg5 27. Re1 h6 28. Re5 Rd1+ 29. Kh2 Qc1 30. Qxc1 Rxc1 31. a3 Rc2 32. b4 Bd4 33. Ra5 Bb6 34. Ra6 Rb2 35. h4 Ra2 36. Kh3 Rb2 37. f3 Rb1 38. Bb8 h5 39. Bxa7 Rh1+ 40. Kg3 Bc7+ 41. f4 Rf1 42. Bf2 Bd8 43. Ra8 Rd1 44. Bb6 Rd3+ 45. Kh2 Kh7 46. Bxd8 Rd4 47. Bg5 Re4 1-0

[Event "DM 2026 G5 1B"]
[Site "Svendborg"]
[Date "2026.04.01"]
[Round "5.8"]
[White "Kappel, Erik"]
[Black "Henriksen, Otto Skovslund"]
[Result "0-1"]
[WhiteElo "1757"]
[BlackElo "1752"]
[WhiteFideId "1478311"]
[BlackFideId "1484583"]
[EventDate "2026.03.28"]
[EventType "swiss"]
[EventRounds "5"]
[EventCountry "DEN"]
[SourceTitle "Live v. Kasper Jerwiarz"]

1. c4 e5 2. Nc3 Nc6 3. g3 f5 4. Bg2 Nf6 5. e3 d5 6. cxd5 Nb4 7. d3 Nfxd5 8. Nge2 Nxc3 9. Nxc3 Nxd3+ 10. Kf1 e4 11. Qc2 Be6 12. Kg1 c6 13. Bf1 Ne5 14. Be2 Be7 15. Kg2 O-O 16. Rd1 Qe8 17. b3 Nf3 18. Bb2 Bf6 19. Rac1 Bxc3 20. Qxc3 Rf6 21. Rd6 Rd8 22. Rxe6 Qxe6 23. Bc4 Rd5 24. Bxd5 Qxd5 25. Qc2 Rd6 26. Ba3 Rd7 27. Bb4 Qd3 28. a3 Qxc2 29. Rxc2 g5 30. Rc1 g4 31. h3 Kg7 32. hxg4 fxg4 33. Bc3+ Kg6 34. a4 Rd5 35. a5 Rh5 36. Rh1 Rxh1 37. Kxh1 Kf5 38. b4 Ne5 39. Kg2 Nd3 40. Kf1 Ke6 41. Ke2 Kd5 0-1

[Event "DM 2026 G5 1B"]
[Site "Svendborg"]
[Date "2026.04.01"]
[Round "5.9"]
[White "Ambirk, Jan"]
[Black "Sonderriis, Rasmus"]
[Result "1-0"]
[WhiteElo "1799"]
[BlackElo "1999"]
[WhiteFideId "1428403"]
[BlackFideId "1489763"]
[EventDate "2026.03.28"]
[EventType "swiss"]
[EventRounds "5"]
[EventCountry "DEN"]
[SourceTitle "Live v. Kasper Jerwiarz"]

1. d4 Nf6 2. Nf3 g6 3. Bg5 Bg7 4. Nbd2 d6 5. c3 O-O 6. e4 Bg4 7. Be2 Nbd7 8. O-O c5 9. Re1 cxd4 10. Nxd4 Bxe2 11. Qxe2 Qb6 12. Qb5 Qxb5 13. Nxb5 a6 14. Nd4 h6 15. Be3 Nc5 16. f3 Nd3 17. Reb1 d5 18. Ne2 dxe4 19. Nxe4 Nxe4 20. fxe4 b5 21. Bd4 e5 22. Be3 f5 23. Nc1 fxe4 24. Ne2 Nf4 25. Ng3 Nd5 26. Re1 Rac8 27. Nxe4 Rc4 28. Nd6 Rc6 29. Ne4 Nxe3 30. Rxe3 Rd8 31. Re2 Kf7 32. Rf1+ Ke7 33. Ref2 Rf8 34. Rxf8 Bxf8 35. Rd1 Ke6 36. Kf2 b4 37. Rd3 bxc3 38. Nxc3 Bc5+ 39. Ke2 Bd4 40. Rg3 g5 41. Rh3 Kf5 42. Rf3+ Ke6 43. Rh3 Kf5 44. Rf3+ Kg6 45. Kd3 g4 46. Rf8 Rf6 47. Rxf6+ Kxf6 48. Ke4 Ke6 49. Na4 Bg1 50. h3 gxh3 51. gxh3 Bd4 52. Nc3 a5 53. Nd1 a4 54. b3 a3 55. Ne3 Bxe3 56. Kxe3 Kd5 57. Kd3 Kc5 58. Ke4 Kb4 59. Kxe5 Kc3 60. b4 Kxb4 61. Kd4 h5 62. h4 Kb5 63. Kc3 Kc5 64. Kb3 Kb5 65. Kxa3 Ka5 66. Kb3 Kb5 67. Kc3 Ka5 68. a4 Ka6 69. Kb4 1-0

[Event "DM 2026 G5 1B"]
[Site "Svendborg"]
[Date "2026.04.01"]
[Round "5.10"]
[White "Hanuscheck, Jorgen Peter"]
[Black "Pedersen, Rasmus Rosendahl"]
[Result "1-0"]
[WhiteElo "1763"]
[BlackElo "1600"]
[WhiteFideId "1462512"]
[BlackFideId "1490109"]
[EventDate "2026.03.28"]
[EventType "swiss"]
[EventRounds "5"]
[EventCountry "DEN"]
[SourceTitle "Live v. Kasper Jerwiarz"]

1. d4 e6 2. c4 f5 3. Nf3 Nf6 4. Nc3 Bb4 5. a3 Bxc3+ 6. bxc3 b6 7. Bg5 O-O 8. e3 Bb7 9. Be2 d6 10. O-O Nbd7 11. Re1 Qe8 12. Nd2 Qg6 13. Bf3 Ne4 14. Bxe4 fxe4 15. Bf4 Nf6 16. f3 exf3 17. Nxf3 Ne4 18. Nh4 Qf6 19. Qg4 e5 20. Bg3 h5 21. Qg6 exd4 22. cxd4 Nxg3 23. Qxg3 Be4 24. Rf1 Qh6 25. Rf4 Rxf4 26. exf4 Rf8 27. Rf1 Qf6 28. Qe3 Re8 29. g3 Bc6 30. Qd2 Re4 31. d5 Ba4 32. Rc1 Bb3 33. Nf3 Rxc4 34. Re1 Ba4 35. Qe2 Rc5 36. Qe4 Bb5 37. Ng5 Rc4 1-0

[Event "DM 2026 G5 1B"]
[Site "Svendborg"]
[Date "2026.04.01"]
[Round "5.11"]
[White "Munch, Niels Christian"]
[Black "Velarde, Andrew"]
[Result "0-1"]
[WhiteElo "1781"]
[BlackElo "1817"]
[WhiteFideId "1470744"]
[BlackFideId "1435132"]
[EventDate "2026.03.28"]
[EventType "swiss"]
[EventRounds "5"]
[EventCountry "DEN"]
[SourceTitle "Live v. Kasper Jerwiarz"]

1. d4 Nf6 2. e3 e6 3. Nf3 c5 4. b3 Nc6 5. a3 d5 6. Bd3 Bd6 7. O-O e5 8. dxc5 Bxc5 9. Bb5 Bd6 10. Bb2 Qc7 11. b4 Bg4 12. Be2 Bf5 13. c4 e4 14. Nd4 Nxd4 15. Bxd4 Bxh2+ 16. Kh1 dxc4 17. Nd2 b5 18. a4 Be5 19. axb5 c3 20. Rc1 Bxd4 21. exd4 Nd5 22. Qa4 O-O 23. Nb3 Nf4 24. Qa2 Be6 25. Bd1 Nd3 26. Qa1 Nxc1 27. Qxc1 Qc4 28. Bc2 Qxb4 29. Nc5 Qxd4 30. Nxe6 fxe6 31. Kg1 Rad8 32. Qe1 e3 33. fxe3 Rxf1+ 34. Kxf1 Qf6+ 35. Kg1 Rd2 36. Bb3 Qg6 0-1

[Event "DM 2026 G5 1B"]
[Site "Svendborg"]
[Date "2026.04.01"]
[Round "5.12"]
[White "Hansen, Allan Hallgren"]
[Black "Madsen, Svend"]
[Result "1/2-1/2"]
[WhiteElo "1680"]
[BlackElo "1798"]
[WhiteFideId "1440888"]
[BlackFideId "1419846"]
[EventDate "2026.03.28"]
[EventType "swiss"]
[EventRounds "5"]
[EventCountry "DEN"]
[SourceTitle "Live v. Kasper Jerwiarz"]

1. d4 f5 2. Nf3 Nf6 3. c4 g6 4. Nc3 Bg7 5. Bf4 d6 6. e3 b6 7. Be2 Bb7 8. O-O Nbd7 9. Ng5 Nf8 10. Bf3 c6 11. Qa4 Qd7 12. d5 c5 13. Qxd7+ N6xd7 14. Rac1 h6 15. Ne6 Nxe6 16. dxe6 Bxf3 17. exd7+ Kxd7 18. gxf3 e5 19. Bg3 g5 20. h3 f4 21. exf4 exf4 22. Bh2 Bxc3 23. Rxc3 Rhe8 24. Rc2 Re5 25. Rd2 Kc6 26. Rfd1 Rd8 27. Rd5 Rd7 28. Rxe5 dxe5 29. Rxd7 Kxd7 30. Kf1 Kc6 31. a4 a6 32. b3 b5 33. axb5+ axb5 34. Ke2 bxc4 35. bxc4 Kb6 36. Kd3 Ka5 37. Bg1 Kb4 38. Bh2 Kb3 39. Bg1 Kb4 1/2-1/2

[Event "DM 2026 G5 1B"]
[Site "Svendborg"]
[Date "2026.04.01"]
[Round "5.13"]
[White "Gregor, Jan"]
[Black "Kallmeyer, Ebbe"]
[Result "0-1"]
[WhiteElo "1710"]
[BlackElo "1838"]
[WhiteFideId "1435329"]
[BlackFideId "1487434"]
[EventDate "2026.03.28"]
[EventType "swiss"]
[EventRounds "5"]
[EventCountry "DEN"]
[SourceTitle "Live v. Kasper Jerwiarz"]

1. e4 e5 2. Nc3 Nf6 3. f4 d5 4. fxe5 Nxe4 5. Nf3 Bc5 6. d4 Bb4 7. Bd2 c5 8. Bb5+ Nc6 9. Qe2 Bxc3 10. bxc3 O-O 11. O-O c4 12. Bxc6 bxc6 13. Qe3 h6 14. Rab1 Bg4 15. Rb7 Qa5 16. Rb2 Rab8 17. Rfb1 Rxb2 18. Rxb2 Qa3 19. Bc1 Qxc3 20. Qxc3 Nxc3 21. Kf1 f6 22. Ke1 Bxf3 23. gxf3 fxe5 24. dxe5 Rxf3 25. Rb8+ Rf8 26. Rb7 Re8 27. Bf4 Nxa2 28. Rxa7 Nc3 29. Kd2 Ne4+ 30. Ke3 g5 31. Bg3 Nxg3 32. hxg3 Rxe5+ 33. Kd4 Re6 34. Rc7 h5 35. Ra7 h4 36. gxh4 gxh4 37. Ra3 Kf7 38. Rh3 Rh6 39. Ke5 Ke7 40. Kf5 Kd6 41. Kg5 Rh8 42. Kf4 Kc5 43. Ke3 Re8+ 44. Kd2 Re4 45. c3 Rg4 46. Kc2 Kb5 47. Kb2 c5 48. Kc2 d4 49. Kd2 Ka4 50. Rh1 Kb3 51. Rb1+ Ka2 52. Rb8 Rg2+ 0-1